<?xml version="1.0" encoding="UTF-8"?>
<record
    xmlns:xsi="http://www.w3.org/2001/XMLSchema-instance"
    xsi:schemaLocation="http://www.loc.gov/MARC21/slim http://www.loc.gov/standards/marcxml/schema/MARC21slim.xsd"
    xmlns="http://www.loc.gov/MARC21/slim">

  <leader>02150cam a2200337 i 4500</leader>
  <controlfield tag="001">18891167</controlfield>
  <controlfield tag="003">SISC</controlfield>
  <controlfield tag="005">20160722153931.0</controlfield>
  <controlfield tag="008">151210s2016    moua     b    000 0 eng  </controlfield>
  <datafield tag="010" ind1=" " ind2=" ">
    <subfield code="a">  2015490325</subfield>
  </datafield>
  <datafield tag="020" ind1=" " ind2=" ">
    <subfield code="a">9780323289610</subfield>
  </datafield>
  <datafield tag="040" ind1=" " ind2=" ">
    <subfield code="a">DLC</subfield>
    <subfield code="b">eng</subfield>
    <subfield code="e">rda</subfield>
    <subfield code="c">DLC</subfield>
    <subfield code="d">DLC</subfield>
  </datafield>
  <datafield tag="042" ind1=" " ind2=" ">
    <subfield code="a">pcc</subfield>
  </datafield>
  <datafield tag="050" ind1="0" ind2="0">
    <subfield code="a">RT 55</subfield>
    <subfield code="b">.H32 2016</subfield>
  </datafield>
  <datafield tag="082" ind1="0" ind2="0">
    <subfield code="a">610.73</subfield>
  </datafield>
  <datafield tag="100" ind1="1" ind2=" ">
    <subfield code="a">Harding, Mariann,</subfield>
    <subfield code="e">author.</subfield>
  </datafield>
  <datafield tag="245" ind1="1" ind2="0">
    <subfield code="a">Winningham's critical thinking cases in nursing :</subfield>
    <subfield code="b">medical-surgical, pediatric, maternity, and psychiatric /</subfield>
    <subfield code="c">Mariann Harding, PhD, RN,CNE, Associate Professor, Department of Nursing, Kent State University at Tuscarawas, New Philadelphia, Ohio, Julie S. Snyder, MSN, RN-BC, Quality Initiative Coordinator, Chesapeake Regional Medical Center, Chesapeake, Virginia, Adjunct Faculty, School of Nursing, Old Dominion University, Norfolk, Virginia, Barbara A. Preusser, PhD, FNPC, Family Nurse Practitioner, Veterans Administration Medical Center, Salt Lake City, Utah, Deceased.</subfield>
  </datafield>
  <datafield tag="246" ind1="1" ind2=" ">
    <subfield code="a">Critical thinking cases in nursing</subfield>
  </datafield>
  <datafield tag="250" ind1=" " ind2=" ">
    <subfield code="a">6th edition.</subfield>
  </datafield>
  <datafield tag="260" ind1=" " ind2=" ">
    <subfield code="a">Missouri :</subfield>
    <subfield code="b">Elsevier,</subfield>
    <subfield code="c">2016.</subfield>
  </datafield>
  <datafield tag="300" ind1=" " ind2=" ">
    <subfield code="a">xi, 722 pages :</subfield>
    <subfield code="b">illustrations ;</subfield>
    <subfield code="c">28 cm</subfield>
  </datafield>
  <datafield tag="500" ind1=" " ind2=" ">
    <subfield code="a">Rev. ed. of: Critical thinking in medical-surgical settings / Maryl L. Winningham and Barbara A. Preusser. 2nd ed. c2011.</subfield>
  </datafield>
  <datafield tag="500" ind1=" " ind2=" ">
    <subfield code="a">Includes appendix.</subfield>
  </datafield>
  <datafield tag="505" ind1="0" ind2=" ">
    <subfield code="a">Cardiovascular disorders -- Respiratory disorders -- Musculoskeletal disorders -- Gastrointestinal disorders -- Genitourinary disorders -- Neurologic disorders -- Endocrine disorders -- Immunologic disorders -- Oncologic and hematologic disorders -- Pediatric disorders -- Maternal and obstetric disorders -- Women's health disorders -- Psychiatric disorders -- Alternative therapies -- Patients with multiple disorders -- Emergency situations.</subfield>
  </datafield>
  <datafield tag="700" ind1="1" ind2=" ">
    <subfield code="a">Snyder, Julie S.</subfield>
  </datafield>
  <datafield tag="700" ind1="1" ind2=" ">
    <subfield code="a">Preusser, Barbara A.</subfield>
  </datafield>
  <datafield tag="700" ind1="1" ind2=" ">
    <subfield code="a">Winningham, Maryl Lynne,</subfield>
    <subfield code="d">1947-2001.</subfield>
    <subfield code="t">Critical thinking in medical-surgical settings.</subfield>
  </datafield>
  <datafield tag="906" ind1=" " ind2=" ">
    <subfield code="a">7</subfield>
    <subfield code="b">cbc</subfield>
    <subfield code="c">origcop</subfield>
    <subfield code="d">2</subfield>
    <subfield code="e">ncip</subfield>
    <subfield code="f">20</subfield>
    <subfield code="g">y-gencatlg</subfield>
  </datafield>
  <datafield tag="942" ind1=" " ind2=" ">
    <subfield code="2">lcc</subfield>
    <subfield code="c">BK</subfield>
  </datafield>
  <datafield tag="999" ind1=" " ind2=" ">
    <subfield code="c">297886</subfield>
    <subfield code="d">297886</subfield>
  </datafield>
  <datafield tag="952" ind1=" " ind2=" ">
    <subfield code="0">0</subfield>
    <subfield code="1">0</subfield>
    <subfield code="2">lcc</subfield>
    <subfield code="4">0</subfield>
    <subfield code="a">CL</subfield>
    <subfield code="b">CL</subfield>
    <subfield code="c">RES</subfield>
    <subfield code="d">2016-07-22</subfield>
    <subfield code="e">Library Fund</subfield>
    <subfield code="g">4075.00</subfield>
    <subfield code="l">5</subfield>
    <subfield code="m">37</subfield>
    <subfield code="o">RT 55 .H32 2016</subfield>
    <subfield code="p">C20633</subfield>
    <subfield code="r">2025-01-16 00:00:00</subfield>
    <subfield code="s">2024-12-04</subfield>
    <subfield code="w">2016-07-22</subfield>
    <subfield code="y">BK</subfield>
  </datafield>
</record>
